| 000 | 00823nam a2200217Ia 4500 | ||
|---|---|---|---|
| 003 | GCL | ||
| 008 | 140319s9999 xx 000 0 ara d | ||
| 040 |
_aGCL / _cGCL |
||
| 082 | 0 | 4 |
_aق _b379.62 _bو م |
| 100 | 1 | _aوزارة التربية والتعليم | |
| 245 | 1 | 0 |
_aمبارك والتعليم : _bالتعليم المصرى فى مجتمع المعرفة / _cوزارة التربية والتعليم |
| 260 |
_aالقاهرة : _bوزارة التربية والتعليم ، _c2003 |
||
| 300 |
_a207 ص ؛ _c28 سم |
||
| 650 | 0 | 4 | _aالتعليم المهنى |
| 650 | 0 | 4 | _aالتعليم - مناهج |
| 650 | 0 | 4 | _aالتعليم - مصر |
| 650 | 0 | 4 | _aمحو الامية - مصر |
| 650 | 0 | 4 | _aتكنولوجيا التعليم |
| 650 | 0 | 4 | _aالتعليم - مناهج - مصر |
| 942 |
_2ddc _cBK |
||
| 999 |
_c33633 _d33633 |
||